00501nas a2200133 a 450000500170000000700030001700800410002004000250006124500660008626000760015230000680022831000180029650000530031420241008113910.0ta241008e2016 dr |||p|r||||||0| ||spa d aDO-SdBNPcBNPHUerda aEl Defensor : bboletín informativo /cDefensor del Pueblo. aSanto Domingo, República Dominicana : bDefensor del Pueblo, c2016.  avolumen : bilustraciones, fotografías, gráficas ; c28 cm. aCuatrimestral a15 de mayo, Aniversario del Defensor del Pueblo.